00417nam a22001457a 450000500170000000800410001702000150005804100120007308200120008510000120009724500520010926000510016130000340021265000250024620240816075026.0240816b |||||||| |||| 00| 0 eng d a0406950423 aEnglish a349 ALL lEnglish aThe All England Law Reports: Annual Review 2001 aLondon: bButterworth and Company Ltd, c2002  bxxxviii, 432 pages; c25 cm.  aLegal practice bLaw